Tội phạm trong lĩnh vực công nghệ thông tin : ( Sách chuyên khảo )
Cuốn sách tập trung phân tích khái niệm, những đặc điểm về tội phạm trong lĩnh vực công nghệ thông tin, thực trạng và giải pháp phòng chống loại tội phạm này ở nước ta và một số nước trên thế giới....
Na minha lista:
| Autor principal: | |
|---|---|
| Formato: | Livro |
| Idioma: | Undetermined |
| Publicado em: |
Hà Nội
Tư Pháp
2007
|
| Assuntos: | |
| Tags: |
Adicionar Tag
Sem tags, seja o primeiro a adicionar uma tag!
|
| Thư viện lưu trữ: | Trung tâm Học liệu Trường Đại học Cần Thơ |
|---|
| LEADER | 01088nam a2200241Ia 4500 | ||
|---|---|---|---|
| 001 | CTU_157514 | ||
| 008 | 210402s9999 xx 000 0 und d | ||
| 020 | |c 26000 | ||
| 082 | |a 345.0247 | ||
| 082 | |b L462 | ||
| 100 | |a Phạm, Văn Lợi | ||
| 245 | 0 | |a Tội phạm trong lĩnh vực công nghệ thông tin : | |
| 245 | 0 | |b ( Sách chuyên khảo ) | |
| 245 | 0 | |c Phạm Văn Lợi (chủ biên) | |
| 260 | |a Hà Nội | ||
| 260 | |b Tư Pháp | ||
| 260 | |c 2007 | ||
| 520 | |a Cuốn sách tập trung phân tích khái niệm, những đặc điểm về tội phạm trong lĩnh vực công nghệ thông tin, thực trạng và giải pháp phòng chống loại tội phạm này ở nước ta và một số nước trên thế giới. | ||
| 650 | |a Criminal law,Information technology,Luật hình sự,Công nghệ Thông tin | ||
| 650 | |x Hacker,Tội phạm | ||
| 650 | |z Vietnam,Việt Nam | ||
| 904 | |i A.Tho,QHieu | ||
| 980 | |a Trung tâm Học liệu Trường Đại học Cần Thơ | ||